Państwa według znanych miejsc #1 - Statystyki

Ogólne statystyki
  • Ten quiz został rozwiązany 97 razy
  • Średni wynik to 17 z 28
Statystyki odpowiedzi
Znane miejsce Państwo % Poprawnych
Kreml Rosja
98%
Pałac Buckingham Wielka Brytania
93%
Tadź Mahal Indie
92%
Krzywa wieża w Pizie Włochy
92%
Sfinks Egipt
88%
Akropol Grecja
84%
Pomnik Chrystusa Odkupiciela Brazylia
79%
Ściana Płaczu Izrael
78%
Łuk triumfalny Francja
76%
Bazylika Świętego Piotra Watykan
76%
Machu Picchu Peru
75%
Burdż Chalifa Zjednoczone Emiraty Arabskie
75%
Zakazane Miasto Chiny
69%
Casino de Monte-Carlo Monako
68%
Space Needle Stany Zjednoczone
61%
Hagia Sophia Turcja
55%
Kilimandżaro Tanzania
52%
CN Tower Kanada
48%
Petra Jordania
44%
Angkor Wat Kambodża
44%
Abradż al-Bajt Arabia Saudyjska
36%
Petronas Towers Malezja
36%
Alhambra Hiszpania
35%
Hotel Ryugyŏng Korea Północna
31%
Hallgrimskirkja (Kościół Hallgrímura) Islandia
26%
Moai Chile
20%
Zamek Dobrej Nadziei Republika Południowej Afryki
13%
Posągi Buddy w Bamianie Afganistan
9%
Nie znaleziono quizów pasujących do podanych kryteriów
Rozkład punktacji
Procent ludzi z każdym wynikiem
Percentyl według liczby udzielonych odpowiedzi
Twoja historia wyników
Nie rozwiązałeś tego quizu